"K.f.e."

Elmentve itt :
Bibliográfiai részletek
Szerző: Székely János
Dokumentumtípus: Cikk
Megjelent: 1936
Sorozat:Polgári jog : a hazai és külföldi magánjog és hiteljog szemléje 12
Kulcsszavak:Hiteljog magyar, Társasági jog korlátolt felelősségű társaság jogi szabályozás
Online Access:http://misc.bibl.u-szeged.hu/16007
LEADER 00653nab a2200169 i 4500
001 misc16007
005 20191106142208.0
008 170607s1936 hu o 0|| hun d
040 |a SZTE Miscellanea Repozitórium  |b hun 
041 |a hun 
100 1 |a Székely János 
245 1 0 |a "K.f.e."  |h [elektronikus dokumentum] /  |c  Székely János 
260 |c 1936 
300 |a 588-590a 
490 0 |a Polgári jog : a hazai és külföldi magánjog és hiteljog szemléje  |v 12 
695 |a Hiteljog magyar, Társasági jog korlátolt felelősségű társaság jogi szabályozás 
856 4 0 |u http://misc.bibl.u-szeged.hu/16007/1/polgari_jog_1936_588-590a.pdf  |z Dokumentum-elérés